000 01125nam0a22002411 4500
001 rc\4553929
005 20260407191013.0
021 _aRU
_b[59-78200]
035 _a(NLR Aleph) 008365482
090 _a9025080
_c9025080
100 _a20130416d1959 |||y0rusy50 ca
101 0 _arus
102 _aRU
105 _ay z |||||
200 1 _aТезисы докладов VII конференции профессорско-преподавательского состава по итогам научной работы. 16-19 декабря1959 г.
_fМ-во культуры РСФСР. Ленингр. гос. библиотеч. ин-т им. Н.К. Крупской
210 _aЛенинград
_cБ. и.
_d1959
215 _a58 с.
_d22
710 0 2 _aЛенинградский библиотечный институт им. Н. К. Крупской
_bКонференция профессорско-преподавательского состава
_d7
_f1959
_9745578
_3RU\NLR\AUTH\8810123965
801 0 _aRU
_bNLR
_gpsbo
801 1 _aRU
_bELAR
_2rusmarc
852 _aNLR
_jБ 4257/Т299
942 _cBOOK
980 _aNB